000 00449pab a2200157 454500
008 180718b2004 xxu||||| |||| 00| 0 eng d
100 _aHerman, Robert D.
245 _aDoing things right: effectiveness in local nonprofit organizations, a panel study
260 _c2004
300 _ap.694-704.
362 _aNov-Dec
650 _aNonprofit organizations
700 _aRenz, David O.
773 _aPublic Administration Review
909 _a63364
999 _c63364
_d63364